UM Logo

Country fair cookbook : (Record no. 19938)

MARC details
000 -LEADER
fixed length control field 00497nam a2200145 4500
008 - FIXED-LENGTH DATA ELEMENTS--GENERAL INFORMATION
fixed length control field 240401b ||||| |||| 00| 0 eng d
020 ## - INTERNATIONAL STANDARD BOOK NUMBER
International Standard Book Number 0385022492
082 ## - DEWEY DECIMAL CLASSIFICATION NUMBER
Classification number DC 641.5
Item number C83 1975
245 ## - TITLE STATEMENT
Title Country fair cookbook :
Remainder of title every recipe a blue ribbon winner /
Statement of responsibility, etc. edited by Elise W. Manning.
260 ## - PUBLICATION, DISTRIBUTION, ETC. (IMPRINT)
Place of publication, distribution, etc. New York :
Name of publisher, distributor, etc. Doubleday & Company, Inc.,
Date of publication, distribution, etc. ©1975.
300 ## - PHYSICAL DESCRIPTION
Extent 216 pages :
Other physical details color illustrations ;
Dimensions 21 cm.
500 ## - GENERAL NOTE
General note Includes index.
650 ## - SUBJECT ADDED ENTRY--TOPICAL TERM
Topical term or geographic name as entry element Cookery, American.
9 (RLIN) 55715
942 ## - ADDED ENTRY ELEMENTS (KOHA)
Source of classification or shelving scheme Dewey Decimal Classification
Koha item type Circulation
Holdings
Withdrawn status Lost status Source of classification or shelving scheme Damaged status Not for loan Collection code Home library Current library Date acquired Total Checkouts Full call number Barcode Date last seen Price effective from Koha item type
    Dewey Decimal Classification     Circulation UM Digos College - LIC UM Digos College - LIC 05/19/2004   DC 641.5 C83 1975 17161 05/15/2025 04/01/2024 Circulation